Normal view
MARC view
Entry Topical Term
001 - CONTROL NUMBER
- control field: 254877
003 - CONTROL NUMBER IDENTIFIER
- control field: OSt
005 - DATE AND TIME OF LATEST TRANSACTION
- control field: 20260213164121.0
008 - FIXED-LENGTH DATA ELEMENTS
- fixed length control field: 260213|| aca||aabn | a|a d
040 ## - CATALOGING SOURCE
- Original cataloging agency: OSt
- Transcribing agency: OSt
150 ## - HEADING--TOPICAL TERM
- Topical term or geographic name entry element: mimamsegala
670 ## - SOURCE DATA FOUND
- Source citation: Work cat.: (OSt)123498: KAVITA RAI ಕವಿತಾ ರೈ 254872, Kavya tatvanusandhana: bharatiya mattu pashchatya mimamsegala samagra tippanigalu, 2018